| 000 | 00721nam a2200145 4500 | ||
|---|---|---|---|
| 008 | 370.1 F866g | ||
| 020 | _a9786070301582 | ||
| 082 |
_a370.1 _bF866g |
||
| 100 |
_aFreire, Paulo _96237 |
||
| 245 | _ael grito manso | ||
| 260 |
_aMéxico _bSiglo XXI _c2010 |
||
| 300 |
_a112 p. _bill _c21 x 13,5 cm |
||
| 505 |
_tPrefacio _tPalabras preliminares: La construcción de la propia existencia, por Orlando Balbo y Augusto Bianco _t1. Feliz y desafiado _t2. Práctica de la pedagogía crítica _t3. Elementos de la situación educativa _t4. La lucha no se acaba, se reinventa _t5. La confrontación no es pedagógica sino política _tApéndices |
||
| 650 |
_xEducación _xfilosofía de la educación _xpedagogía _xteoría de la educación _96246 |
||
| 999 |
_c1429 _d1429 |
||